Ministry of International Trade and Industry report 2013.

Bibliographic Details
Corporate Author: Ministry of International Trade and Industry (MITI)
Format: Book
Published: Kuala Lumpur: MITI, 2013.
Subjects:
LEADER 00590cam a2200169 7i4500
001 0000031747
005 20141002090000.0
022 0 0 |a 01287524 
090 0 0 |a M 382   |b MIN 
110 2 0 |a Ministry of International Trade and Industry (MITI) 
245 1 0 |a Ministry of International Trade and Industry report 2013. 
260 0 0 |a Kuala Lumpur:   |b MITI,   |c 2013. 
300 # # |a 125 p. 
650 0 0 |a International trade --   |x Annual report --   |y 2013 --   |z Malaysia  
650 0 0 |a Industry --   |x Annual report --   |y 2013 --   |z Malaysia  
651 0 0 |a Malaysia  
999 |a 0000034894  |b Book  |c Malaysia  |e Business Information Centre